Brothers Bear in Donkey Kong Country 3 - Statistics

General Stats
  • This quiz has been taken 36 times
  • The average score is 8 of 13
Answer Stats
Bear % Correct
Blue Bear
89%
Björn Bear
83%
Barnacle Bear
72%
Benny Bear
72%
Brash Bear
72%
Bazaar Bear
67%
Boomer Bear
56%
Baffle Bear
50%
Blizzard Bear
50%
Blunder Bear
50%
Barter Bear
39%
Bazooka Bear
39%
Bramble Bear
39%
No matching quizzes found
Score Distribution
Percent of People with Each Score
Percentile by Number Answered
Your Score History
You have not taken this quiz